Lyndon Johnson Presidential Cabinet - Statistics

General Stats
  • This quiz has been taken 76 times
  • The average score is 9 of 26
Answer Stats
Cabinet Position Cabinet Member % Correct
Attorney General (1963-1964) Robert F. Kennedy
90%
Vice President (1965-1969) Hubert Humphrey
88%
Secretary of Defense (1963-1968) Robert McNamara
83%
Secretary of State (1963-1969) Dean Rusk
73%
Attorney General (1966-1969) Ramsey Clark
54%
Secretary of Defense (1968-1969) Clark Clifford
49%
Secretary of Treasury (1963-1965) C. Douglas Dillon
46%
Secretary of the Interior (1963-1969) Stewart Lee Udall
39%
Secretary of Treasury (1965-1968) Henry Fowler
37%
Secretary of Treasury (1968-1969) Joseph Barr
37%
Attorney General (1964-1966) Nicholas Katzenbach
32%
Secretary of Agriculture (1963-1969) Orville Lothrop Freeman
29%
Secretary of Commerce (1968-1969) Cyrus Rowlett Smith
24%
Secretary of Housing and Urban Development (1966-1968) Robert Clifton Weaver
20%
Secretary of Labor (1963-1969) W. Willard Wirtz
20%
Secretary of Health, Education, and Welfare (1963-1965) Anthony Celebrezze
17%
Postmaster General (1965-1968) Larry O'Brien
17%
Secretary of Health, Education, and Welfare (1968-1969) Wilbur Joseph Cohen
17%
Secretary of Commerce (1963-1965) Luther Hartwell Hodges
15%
Secretary of Housing and Urban Development (1968-1969) Robert Coldwell Wood
15%
Secretary of Transportation (1967-1969) Alan Stephenson Boyd
12%
Secretary of Commerce (1967-1968) Alexander Buel Trowbridge
12%
Secretary of Health, Education, and Welfare (1965-1968) John William Gardner
12%
Postmaster General (1968-1969) W. Marvin Watson
12%
Postmaster General (1963-1965) John Gronouski
10%
Secretary of Commerce (1965-1967) John Thomas Connor
10%
No matching quizzes found
Score Distribution
Percent of People with Each Score
Percentile by Number Answered
Your Score History
You have not taken this quiz